[Event "Suwalki Warakomska Memorial-A 1st"]
[Site "Suwalki"]
[Date "2017.08.13"]
[Round "3"]
[White "Plichta, Kamil"]
[Black "Mokal, Amruta Sunil"]
[Result "1-0"]
[WhiteElo "2341"]
[BlackElo "2047"]
[PlyCount "137"]
[EventDate "2017.08.11"]
[EventType "swiss"]
[EventRounds "9"]
[EventCountry "POL"]
[SourceTitle "CBM 180 Extra"]
[Source "ChessBase"]
[SourceDate "2017.10.06"]
[SourceVersion "1"]
[SourceVersionDate "2017.10.06"]
[SourceQuality "1"]

1. e4 c5 2. Nf3 e6 3. d3 Nc6 4. g3 d5 5. Nbd2 Bd6 6. Bg2 Nge7 7. 0-0 0-0 8. Re1 Qc7 9. Qe2 f6 10. c3 Bd7 11. a3 a5 12. a4 Rae8 13. Nb1 Ng6 14. Na3 Na7 15. Qc2 Bc6 16. Bd2 Kh8 17. c4 dxe4 18. dxe4 b6 19. Bc3 Ne5 20. Nd2 Bb7 21. Nb5 Nxb5 22. axb5 f5 23. f4 Ng4 24. h3 Nh6 25. e5 Be7 26. Rad1 Bxg2 27. Kxg2 Rd8 28. Nf3 Rxd1 29. Rxd1 Rd8 30. Kf2 Nf7 31. Rg1 g6 32. g4 Nh6 33. g5 Nf7 34. h4 Qd7 35. Ke2 Qb7 36. h5 Kg7 37. Bd2 Qe4+ 38. Qxe4 fxe4 39. Nh4 Rd4 40. hxg6 hxg6 41. Bc3 Rxc4 42. Rd1 e3 43. Ng2 Ra4 44. Rd7 Bd8 45. Kf3 Ra1 46. Nxe3 a4 47. f5 gxf5 48. Nxf5+ Kg6 49. Nd6 Nxg5+ 50. Ke2 a3 51. Rxd8 axb2 52. Bxb2 Ra2 53. Rg8+ Kh5 54. Nc4 Nf7 55. Kd3 Ra4 56. Bc1 Rb4 57. Rg7 Rb3+ 58. Ke2 Rc3 59. Nxb6 Nxe5 60. Rg5+ Kh4 61. Rxe5 Rxc1 62. Nd7 c4 63. Kd2 Rb1 64. b6 Rb3 65. Kc2 Kg4 66. Rxe6 Kf5 67. Rc6 Rb4 68. Kc3 Rb1 69. Kxc4 1-0

[Event "Suwalki Warakomska Memorial-A 1st"]
[Site "Suwalki"]
[Date "2017.08.12"]
[Round "2"]
[White "Mokal, Amruta Sunil"]
[Black "Jakubiec, Edyta"]
[Result "1-0"]
[WhiteElo "2047"]
[BlackElo "2212"]
[PlyCount "71"]
[EventDate "2017.08.11"]
[EventType "swiss"]
[EventRounds "9"]
[EventCountry "POL"]
[SourceTitle "CBM 180 Extra"]
[Source "ChessBase"]
[SourceDate "2017.10.06"]
[SourceVersion "1"]
[SourceVersionDate "2017.10.06"]
[SourceQuality "1"]

1. c4 Nf6 2. e3 g6 3. Nc3 Bg7 4. d4 d6 5. Bd3 0-0 6. Nge2 Nbd7 7. Qc2 e5 8. 0-0 Re8 9. Bd2 c6 10. Rae1 Qe7 11. f3 a5 12. Qa4 Nb6 13. Qb3 Qc7 14. c5 Nbd5 15. Ne4 dxc5 16. dxc5 Nxe4 17. fxe4 Nf6 18. Bc4 Be6 19. Bxe6 Rxe6 20. Qc4 Rd8 21. Bc3 Bh6 22. Nc1 Ng4 23. Rf3 Bxe3+ 24. Rfxe3 Nxe3 25. Rxe3 Rd1+ 26. Re1 b5 27. Qe2 Rd7 28. a3 Qa7 29. Qe3 Re8 30. Nd3 Qc7 31. Rf1 Kg7 32. h4 f6 33. Nf2 Re6 34. Ng4 Qd8 35. Nxf6 Rd3 36. Qg5 1-0

[Event "Charleroi op"]
[Site "Charleroi"]
[Date "2017.07.30"]
[Round "2"]
[White "Mokal, Amruta Sunil"]
[Black "Sagar, Shah"]
[Result "0-1"]
[WhiteElo "2041"]
[BlackElo "2391"]
[PlyCount "80"]
[EventDate "2017.07.29"]
[EventType "swiss"]
[EventRounds "9"]
[EventCountry "BEL"]
[SourceTitle "CBM 179 Extra"]
[Source "ChessBase"]
[SourceDate "2017.08.23"]
[SourceVersion "1"]
[SourceVersionDate "2017.08.23"]
[SourceQuality "1"]

1. e4 c6 2. d4 d5 3. e5 Bf5 4. c4 e6 5. Nc3 Ne7 6. Be3 dxc4 7. Bxc4 Nd7 8. Nf3 Nb6 9. Bd3 Nbd5 10. 0-0 Bxd3 11. Qxd3 Nf5 12. Ne4 h6 13. Rac1 Be7 14. a3 0-0 15. Nfd2 Rc8 16. Nc4 b5 17. Ncd2 c5 18. Nf3 c4 19. Qe2 a5 20. Bd2 Qb6 21. Be3 b4 22. axb4 axb4 23. g4 Nfxe3 24. fxe3 c3 25. bxc3 Nxc3 26. Nxc3 Rxc3 27. Rxc3 bxc3 28. Qd3 Qc6 29. Ne1 Rb8 30. e4 Rb2 31. Nc2 Qa4 32. Rf2 Bh4 33. Re2 Rb3 34. Kg2 Bg5 35. Kh3 Qb5 36. Qxb5 Rxb5 37. Ne3 Bxe3 38. Rxe3 c2 39. Rc3 Rb3 40. Rxb3 c1Q 0-1

[Event "Paleochora op 10th"]
[Site "Paleochora"]
[Date "2017.07.20"]
[Round "3"]
[White "Galopoulos, Nikolaos"]
[Black "Mokal, Amruta Sunil"]
[Result "1-0"]
[WhiteElo "2371"]
[BlackElo "2041"]
[PlyCount "87"]
[EventDate "2017.07.19"]
[EventType "swiss"]
[EventRounds "9"]
[EventCountry "GRE"]
[SourceTitle "EXT 2018"]
[Source "ChessBase"]
[SourceDate "2017.10.13"]
[SourceVersion "1"]
[SourceVersionDate "2017.10.13"]
[SourceQuality "1"]

1. Nf3 c5 2. c4 Nc6 3. d4 cxd4 4. Nxd4 Nf6 5. g3 g6 6. Bg2 Bg7 7. 0-0 0-0 8. Nc2 b6 9. Nc3 Bb7 10. b3 Na5 11. e4 Nxe4 12. Nxe4 Bxa1 13. Nxa1 f5 14. Ng5 Bxg2 15. Kxg2 e6 16. Qd2 f4 17. gxf4 h6 18. Ne4 d5 19. cxd5 Qxd5 20. Qxd5 exd5 21. Ng3 d4 22. Rd1 Rad8 23. Nc2 Nc6 24. Rd3 Rd5 25. Ne2 Rfd8 26. Bb2 a5 27. Ncxd4 Nb4 28. Rg3 g5 29. a3 Na6 30. h4 Nc5 31. hxg5 hxg5 32. Rxg5+ Rxg5+ 33. fxg5 a4 34. bxa4 Nxa4 35. Bc1 Nc5 36. Be3 Ra8 37. Nb5 Ra6 38. Bxc5 bxc5 39. f4 Ra4 40. Kf3 Kg7 41. Nec3 Ra8 42. f5 Rd8 43. Kf4 Rd2 44. a4 1-0

[Event "Suwalki Warakomska Memorial-A 1st"]
[Site "Suwalki"]
[Date "2017.??.??"]
[Round "5"]
[White "Scripcaru, George Daniel"]
[Black "Mokal, Amruta Sunil"]
[Result "0-1"]
[WhiteElo "2247"]
[BlackElo "2047"]
[PlyCount "64"]
[EventDate "2017.08.11"]
[EventType "swiss"]
[EventRounds "9"]
[EventCountry "POL"]
[SourceTitle "CBM 180 Extra"]
[Source "ChessBase"]
[SourceDate "2017.10.06"]
[SourceVersion "1"]
[SourceVersionDate "2017.10.06"]
[SourceQuality "1"]

1. d4 Nf6 2. c4 e6 3. Nc3 Bb4 4. Qc2 c5 5. dxc5 Bxc5 6. Nf3 Nc6 7. Bf4 0-0 8. e3 d5 9. Rd1 Qa5 10. Nd2 e5 11. Bg5 d4 12. Nb3 Qb6 13. Nxc5 Qxc5 14. Bxf6 dxc3 15. Bh4 Bg4 16. Qxc3 Bxd1 17. Kxd1 e4 18. Be2 Nb4 19. a3 Nd3 20. b4 Qf5 21. Kc2 Rac8 22. Kb1 Qe6 23. Bxd3 exd3 24. Qxd3 Rxc4 25. Bg3 Rfc8 26. Rd1 h6 27. Qd5 Qg6+ 28. Rd3 b5 29. Be5 Rc1+ 30. Ka2 R1c2+ 31. Kb3 Qa6 32. Qd8+ Kh7 0-1

[Event "Trieste op 18th"]
[Site "Trieste"]
[Date "2016.09.08"]
[Round "7"]
[White "Srebrnic, Vojko"]
[Black "Mokal, Amruta Sunil"]
[Result "1/2-1/2"]
[WhiteElo "2126"]
[BlackElo "2101"]
[PlyCount "86"]
[EventDate "2016.09.03"]
[EventType "swiss"]
[EventRounds "9"]
[EventCountry "ITA"]
[SourceTitle "CBM 174 Extra"]
[Source "ChessBase"]
[SourceDate "2016.10.10"]
[SourceVersion "1"]
[SourceVersionDate "2016.10.10"]
[SourceQuality "1"]

1. f4 d5 2. Nf3 c5 3. e3 Nc6 4. Bb5 Nf6 5. b3 e6 6. Bb2 Bd6 7. 0-0 0-0 8. Bxc6 bxc6 9. Ne5 Qc7 10. d3 Nd7 11. Nxd7 Bxd7 12. Nd2 e5 13. fxe5 Bxe5 14. Bxe5 Qxe5 15. e4 Rae8 16. Nf3 Qh5 17. exd5 cxd5 18. Qd2 Bg4 19. Rae1 d4 20. Qf4 Bxf3 21. Qxf3 Qxf3 22. gxf3 f6 23. Kf2 Kf7 24. Rxe8 Rxe8 25. c3 dxc3 26. Rc1 Re5 27. Rxc3 Rh5 28. Kg3 Kg6 29. Rc4 Rd5 30. Ra4 Rxd3 31. Rxa7 Rd2 32. a4 Rb2 33. Rc7 Rxb3 34. Rxc5 Rb4 35. a5 Ra4 36. h4 h5 37. Rg5+ Kh6 38. Rc5 Kg6 39. f4 Ra3+ 40. Kf2 Kh6 41. f5 Ra4 42. Kg3 Ra3+ 43. Kf2 Ra4 1/2-1/2

[Event "Dieren op"]
[Site "Dieren"]
[Date "2016.08.02"]
[Round "7"]
[White "Mokal, Amruta Sunil"]
[Black "Evengroen, Henk Jan"]
[Result "0-1"]
[WhiteElo "2078"]
[BlackElo "2179"]
[PlyCount "108"]
[EventDate "2016.07.26"]
[EventType "swiss"]
[EventRounds "9"]
[EventCountry "NED"]
[SourceTitle "CBM 173 Extra"]
[Source "ChessBase"]
[SourceDate "2016.08.29"]
[SourceVersion "1"]
[SourceVersionDate "2016.08.29"]
[SourceQuality "1"]

1. e4 e5 2. Nf3 Nc6 3. d4 exd4 4. Nxd4 Bc5 5. Nb3 Bb6 6. Nc3 Nf6 7. Qe2 0-0 8. Be3 Re8 9. f3 d5 10. 0-0-0 Be6 11. Bg5 d4 12. Na4 h6 13. Bh4 Qd6 14. Kb1 Bxb3 15. axb3 Ba5 16. Bg3 Qe7 17. Qb5 Rab8 18. Bc4 Red8 19. Qf5 b5 20. e5 Nd5 21. Bxd5 Rxd5 22. Qe4 Qe6 23. Nc3 Bxc3 24. bxc3 Rbd8 25. cxd4 Nxd4 26. Rd2 Nxc2 27. Rxd5 Na3+ 28. Kb2 Rxd5 29. Bf4 g5 30. Bc1 b4 31. Re1 c5 32. h4 c4 33. bxc4 Rxe5 34. Qa8+ Kh7 35. Rxe5 Qxe5+ 36. Ka2 Nxc4 37. Qe4+ Qxe4 38. fxe4 Kg6 39. hxg5 hxg5 40. Kb3 Ne5 41. Bb2 f6 42. Bd4 a5 43. Ka4 Kh5 44. Ba1 Kg4 45. Kxa5 b3 46. Ka4 Kg3 47. Kxb3 Kxg2 48. Kc3 Kf3 49. Kd4 g4 50. Kd5 g3 51. Bd4 Ng4 52. Bg1 Kg2 53. Bb6 Kf1 54. Ke6 g2 0-1

[Event "Abu Dhabi op 23rd"]
[Site "Abu Dhabi"]
[Date "2015.08.29"]
[Round "7"]
[White "Mohammed, Zozek Salah Mohamme"]
[Black "Mokal, Amruta Sunil"]
[Result "1-0"]
[WhiteElo "2225"]
[BlackElo "2123"]
[PlyCount "83"]
[EventDate "2015.08.23"]
[EventType "swiss"]
[EventRounds "9"]
[EventCountry "UAE"]
[SourceTitle "EXT 2016"]
[Source "ChessBase"]
[SourceDate "2015.10.08"]
[SourceVersion "1"]
[SourceVersionDate "2015.10.08"]
[SourceQuality "1"]

1. d4 Nf6 2. c4 e6 3. Nc3 Bb4 4. e3 0-0 5. Nge2 d5 6. a3 Be7 7. cxd5 exd5 8. Nf4 c6 9. Bd3 b6 10. 0-0 Ba6 11. Bxa6 Nxa6 12. Qa4 Qc8 13. b4 Bd6 14. Nd3 c5 15. Bb2 c4 16. Ne5 Nc7 17. f4 Qe8 18. Qd1 b5 19. Qf3 a5 20. bxa5 Rxa5 21. g4 Qa8 22. g5 Ne4 23. Nxe4 dxe4 24. Qg2 f5 25. gxf6 Rxf6 26. Kh1 Nd5 27. Rg1 Bf8 28. Rae1 c3 29. Bc1 Ne7 30. Ng4 Rg6 31. Qc2 Qc8 32. Ne5 Rh6 33. Qxe4 Qh3 34. Rg2 Qf5 35. Qf3 Rh3 36. Qb7 Qc8 37. Qb6 Qa6 38. Qc7 Qa7 39. Qxc3 Nd5 40. Qc8 Rh4 41. Qe6+ Kh8 42. Nf7+ 1-0

[Event "Abu Dhabi op 23rd"]
[Site "Abu Dhabi"]
[Date "2015.08.23"]
[Round "1"]
[White "Horvath, Adam"]
[Black "Mokal, Amruta Sunil"]
[Result "1-0"]
[WhiteElo "2540"]
[BlackElo "2123"]
[PlyCount "52"]
[EventDate "2015.08.23"]
[EventType "swiss"]
[EventRounds "9"]
[EventCountry "UAE"]
[SourceTitle "EXT 2016"]
[Source "ChessBase"]
[SourceDate "2015.10.08"]
[SourceVersion "1"]
[SourceVersionDate "2015.10.08"]
[SourceQuality "1"]

1. e4 c5 2. Nf3 e6 3. d4 cxd4 4. Nxd4 a6 5. Bd3 Nf6 6. Qe2 d6 7. c4 Nbd7 8. Nc3 Ne5 9. 0-0 Be7 10. b3 0-0 11. Bb2 d5 12. cxd5 exd5 13. Bc2 dxe4 14. Nxe4 Ng6 15. Rad1 Qc7 16. Rfe1 Ng4 17. Ng3 Bb4 18. Rf1 Bc3 19. Bxg6 Bxb2 20. Bxh7+ Kxh7 21. Qxb2 Bd7 22. Nf3 f5 23. h3 Nh6 24. Ng5+ Kh8 25. Nh5 Bb5 26. Rd6 Ng8 1-0

[Event "Teplice op 10th"]
[Site "Teplice"]
[Date "2015.06.20"]
[Round "8"]
[White "Mokal, Amruta Sunil"]
[Black "Oglaza, Oskar"]
[Result "1-0"]
[WhiteElo "2136"]
[BlackElo "1917"]
[PlyCount "61"]
[EventDate "2015.06.13"]
[EventType "swiss"]
[EventRounds "9"]
[EventCountry "CZE"]
[SourceTitle "EXT 2017"]
[Source "ChessBase"]
[SourceDate "2016.10.25"]
[SourceVersion "1"]
[SourceVersionDate "2016.10.25"]
[SourceQuality "1"]

1. e4 c5 2. Nf3 d6 3. d4 cxd4 4. Nxd4 Nf6 5. Nc3 a6 6. Be2 e6 7. 0-0 Be7 8. f4 Qc7 9. Bf3 0-0 10. a4 Nc6 11. Be3 Bd7 12. Nb3 b6 13. g4 Rac8 14. g5 Ne8 15. Qe2 Nb4 16. Qf2 Bd8 17. Rad1 Qb8 18. Rd2 Bc6 19. Bg4 Bd7 20. Qh4 f6 21. Qh3 fxg5 22. Bxe6+ Bxe6 23. Qxe6+ Kh8 24. fxg5 Rg8 25. Rdf2 Nf6 26. gxf6 Bxf6 27. Bd4 Rge8 28. Qxf6 gxf6 29. Bxf6+ Kg8 30. Rg2+ Kf8 31. Bh4# 1-0

[Event "Teplice op 10th"]
[Site "Teplice"]
[Date "2015.06.15"]
[Round "3"]
[White "Bin Suhayl, Ieysaa"]
[Black "Mokal, Amruta Sunil"]
[Result "1/2-1/2"]
[WhiteElo "1894"]
[BlackElo "2136"]
[PlyCount "81"]
[EventDate "2015.06.13"]
[EventType "swiss"]
[EventRounds "9"]
[EventCountry "CZE"]
[SourceTitle "EXT 2017"]
[Source "ChessBase"]
[SourceDate "2016.10.25"]
[SourceVersion "1"]
[SourceVersionDate "2016.10.25"]
[SourceQuality "1"]

1. d4 Nf6 2. c4 e6 3. Nc3 Bb4 4. e3 0-0 5. Bd3 d5 6. Nf3 c5 7. 0-0 Nc6 8. a3 Bxc3 9. bxc3 dxc4 10. Bxc4 Qc7 11. Bd3 e5 12. Qc2 Re8 13. e4 c4 14. Bxc4 exd4 15. cxd4 Na5 16. e5 Qxc4 17. Qxc4 Nxc4 18. exf6 gxf6 19. Bh6 Be6 20. Rfc1 Rac8 21. Rc3 Nd6 22. Rac1 Rxc3 23. Rxc3 Nf5 24. Be3 Bd5 25. Nd2 Kg7 26. g3 Bc6 27. Nb3 h5 28. Kf1 Nd6 29. Rc5 Ba4 30. Nd2 Kg6 31. Nf3 Nf5 32. Nh4+ Nxh4 33. gxh4 b6 34. Rc7 a6 35. Ke1 Bb3 36. Rc6 Re6 37. Rc8 Rd6 38. Rh8 Rd5 39. Rb8 b5 40. Rb6 a5 41. Kd2 1/2-1/2

[Event "Zalakaros op 34th"]
[Site "Zalakaros"]
[Date "2015.05.19"]
[Round "6"]
[White "Mokal, Amruta Sunil"]
[Black "Sagar, Shah"]
[Result "0-1"]
[WhiteElo "2130"]
[BlackElo "2436"]
[PlyCount "70"]
[EventDate "2015.05.14"]
[EventType "swiss"]
[EventRounds "9"]
[EventCountry "HUN"]
[SourceTitle "CBM 166 Extra"]
[Source "ChessBase"]
[SourceDate "2015.06.18"]
[SourceVersion "1"]
[SourceVersionDate "2015.06.18"]
[SourceQuality "1"]

1. e4 g6 2. d4 Bg7 3. Nc3 d5 4. exd5 Nf6 5. Bc4 Nbd7 6. Qf3 Nb6 7. Bb3 Bg4 8. Qg3 Bf5 9. Nf3 a5 10. a4 Nbxd5 11. Nxd5 Nxd5 12. 0-0 0-0 13. Bg5 h6 14. Bd2 Nf6 15. Nh4 Ne4 16. Qe3 Bxd4 17. Qe2 Nxd2 18. Qxd2 Bxb2 19. Qxh6 Bg7 20. Qg5 Bxa1 21. Nxf5 e6 22. Ne7+ Kg7 23. Bxe6 Rh8 24. Rxa1 Rh5 25. Nf5+ Kf8 26. Qg4 fxe6 27. Qxg6 Rxf5 28. Qh6+ Ke7 29. Re1 Qg8 30. Qh4+ Kf7 31. Qc4 Re8 32. Qxc7+ Re7 33. Qc4 Qg5 34. g3 Qd2 35. Re2 Qd1+ 0-1

[Event "Zalakaros op 34th"]
[Site "Zalakaros"]
[Date "2015.05.17"]
[Round "4"]
[White "Mokal, Amruta Sunil"]
[Black "Csonka, Balazs"]
[Result "1/2-1/2"]
[WhiteElo "2130"]
[BlackElo "2433"]
[PlyCount "51"]
[EventDate "2015.05.14"]
[EventType "swiss"]
[EventRounds "9"]
[EventCountry "HUN"]
[SourceTitle "CBM 166 Extra"]
[Source "ChessBase"]
[SourceDate "2015.06.18"]
[SourceVersion "1"]
[SourceVersionDate "2015.06.18"]
[SourceQuality "1"]

1. e4 c6 2. d4 d5 3. e5 Bf5 4. c4 e6 5. Nc3 Ne7 6. Be3 Nd7 7. Nf3 h6 8. Rc1 Rc8 9. a3 a6 10. Be2 dxc4 11. Bxc4 Nd5 12. 0-0 Be7 13. Bd3 Nxc3 14. Rxc3 Bxd3 15. Qxd3 0-0 16. Nd2 Kh8 17. Ne4 f5 18. exf6 Nxf6 19. Nc5 Bxc5 20. dxc5 Nd5 21. Rc4 Qf6 22. Re4 Rcd8 23. Bd4 Qg6 24. Qg3 Qxg3 25. fxg3 Rxf1+ 26. Kxf1 1/2-1/2

[Event "Zalakaros op 34th"]
[Site "Zalakaros"]
[Date "2015.05.15"]
[Round "2"]
[White "Horvath, Jozsef"]
[Black "Mokal, Amruta Sunil"]
[Result "1-0"]
[WhiteElo "2538"]
[BlackElo "2130"]
[PlyCount "111"]
[EventDate "2015.05.14"]
[EventType "swiss"]
[EventRounds "9"]
[EventCountry "HUN"]
[SourceTitle "CBM 166 Extra"]
[Source "ChessBase"]
[SourceDate "2015.06.18"]
[SourceVersion "1"]
[SourceVersionDate "2015.06.18"]
[SourceQuality "1"]

1. d4 Nf6 2. Nf3 e6 3. e3 d5 4. c4 Bd6 5. Nc3 b6 6. a3 0-0 7. b4 c5 8. dxc5 bxc5 9. b5 Ne4 10. Bb2 Bb7 11. Qb3 Qa5 12. Bd3 Nd7 13. 0-0 Nb6 14. Bxe4 dxe4 15. Ng5 Be7 16. Ngxe4 a6 17. Rfd1 Rfd8 18. f3 axb5 19. cxb5 c4 20. Qc2 f5 21. Nf2 Bc5 22. Qe2 Rxd1+ 23. Nfxd1 Rd8 24. Nf2 Qa7 25. Kf1 Na4 26. Rd1 Rxd1+ 27. Nfxd1 Nxb2 28. Nxb2 Qxa3 29. Qxc4 Bxe3 30. Qxe6+ Kf8 31. Qxf5+ Ke8 32. Nbd1 Bc5 33. Qxh7 Bf8 34. Qg6+ Kd8 35. Qd3+ Kc7 36. Nd5+ Kb8 37. Qxa3 Bxa3 38. N1c3 Kc8 39. Ke2 Kd7 40. Kd3 Kd6 41. Ne3 Kc5 42. Nc2 Bc1 43. Nd4 Bh6 44. Ne4+ Kb6 45. Nf5 Bf4 46. h4 Be5 47. Ned6 Bd5 48. Nc4+ Bxc4+ 49. Kxc4 Bf6 50. h5 Be5 51. Ne7 Bg3 52. Nd5+ Kb7 53. Kd4 Kc8 54. Ke4 Kd7 55. f4 Kd6 56. Ne3 1-0

[Event "Dubai op 17th"]
[Site "Dubai"]
[Date "2015.04.08"]
[Round "3"]
[White "Kharous, Ernest"]
[Black "Mokal, Amruta Sunil"]
[Result "1/2-1/2"]
[WhiteElo "2346"]
[BlackElo "2075"]
[PlyCount "88"]
[EventDate "2015.04.06"]
[EventType "swiss"]
[EventRounds "9"]
[EventCountry "UAE"]
[SourceTitle "CBM 165 Extra"]
[Source "ChessBase"]
[SourceDate "2015.04.21"]
[SourceVersion "1"]
[SourceVersionDate "2015.04.21"]
[SourceQuality "1"]

1. f4 d5 2. g3 c5 3. Bg2 g6 4. Nf3 Bg7 5. d3 Nf6 6. 0-0 0-0 7. c3 Nc6 8. Qe1 d4 9. Na3 Be6 10. Nc2 Rc8 11. c4 Qd7 12. b4 b5 13. cxb5 Nxb4 14. Nxb4 cxb4 15. Qxb4 Nd5 16. Qa5 Nc3 17. Re1 Nxb5 18. a4 Nc3 19. Ba3 Bb3 20. Ne5 Bxe5 21. Qxe5 Bxa4 22. Qxe7 Rfe8 23. Qxd7 Bxd7 24. Kf2 Bg4 25. Bf1 Nb5 26. Bb4 Rc2 27. Ra5 Bd7 28. Bg2 Re3 29. Bf3 Rb2 30. Bc5 Rxd3 31. Bxa7 Nxa7 32. Rxa7 Be6 33. g4 Rdd2 34. Kg3 d3 35. e4 Rxh2 36. f5 Bb3 37. f6 h5 38. gxh5 gxh5 39. e5 Be6 40. Ra8+ Kh7 41. Be4+ Kh6 42. Rh8+ Kg5 43. Rg8+ Kh6 44. Rh8+ Kg5 1/2-1/2

[Event "Lille Luce op 6th"]
[Site "Lille"]
[Date "2015.??.??"]
[Round "8.25"]
[White "Caderon, Michel"]
[Black "Mokal, Amruta Sunil"]
[Result "1-0"]
[WhiteElo "1999"]
[BlackElo "2130"]
[PlyCount "73"]
[EventDate "2015.05.04"]
[EventType "swiss"]
[EventRounds "9"]
[EventCountry "FRA"]
[SourceTitle "EXT 2017"]
[Source "ChessBase"]
[SourceDate "2016.10.25"]
[SourceVersion "1"]
[SourceVersionDate "2016.10.25"]
[SourceQuality "1"]

1. e4 c5 2. Nf3 e6 3. d4 cxd4 4. Nxd4 a6 5. Bd3 Nf6 6. 0-0 Qc7 7. Qe2 d6 8. Nc3 Be7 9. Kh1 Nbd7 10. f4 0-0 11. Bd2 b5 12. e5 dxe5 13. fxe5 Qxe5 14. Nc6 Qc5 15. Qf3 Bd6 16. Ne4 Nxe4 17. Bxe4 f5 18. Ne7+ Bxe7 19. Bxa8 Qxc2 20. Bc3 b4 21. Rfc1 Qa4 22. Bc6 Qa5 23. Bd4 Ne5 24. Qe2 Nxc6 25. Rxc6 Qd5 26. Qe5 Qxe5 27. Bxe5 Bg5 28. Rc2 Bh6 29. Rac1 g6 30. Rc4 a5 31. Rxc8 Be3 32. Rxf8+ Kxf8 33. Rc7 h6 34. g3 g5 35. Bg7+ Ke8 36. Bxh6 f4 37. Bxg5 1-0

[Event "Al Ain op 3rd"]
[Site "Al Ain"]
[Date "2014.12.20"]
[Round "3"]
[White "Abdulkarim, Ali"]
[Black "Mokal, Amruta Sunil"]
[Result "1/2-1/2"]
[WhiteElo "1943"]
[BlackElo "2054"]
[PlyCount "105"]
[EventDate "2014.12.19"]
[EventType "swiss"]
[EventRounds "9"]
[EventCountry "UAE"]
[SourceTitle "CBM 164 Extra"]
[Source "ChessBase"]
[SourceDate "2015.03.02"]
[SourceVersion "1"]
[SourceVersionDate "2015.03.02"]
[SourceQuality "1"]

1. d4 Nf6 2. c4 e6 3. Nc3 Bb4 4. f3 d5 5. a3 Bxc3+ 6. bxc3 c5 7. cxd5 exd5 8. e3 0-0 9. Bd3 b6 10. Ne2 Ba6 11. 0-0 Bxd3 12. Qxd3 Re8 13. Ng3 Nc6 14. Bb2 h5 15. Rae1 Qd7 16. dxc5 Ne5 17. Qf5 h4 18. Qxd7 Nfxd7 19. c6 hxg3 20. cxd7 gxh2+ 21. Kxh2 Red8 22. Rd1 Rxd7 23. Rd4 f6 24. Rfd1 Rad8 25. Bc1 Kf7 26. e4 dxe4 27. fxe4 Ke6 28. Kg3 b5 29. Kf4 Nc4 30. Rxd7 Rxd7 31. Rxd7 Kxd7 32. Kf5 Nd6+ 33. Kg6 Nxe4 34. Kxg7 Ke6 35. Be3 a6 36. Bd4 Ng3 37. Kg6 f5 38. Kg5 a5 39. Kf4 Nh5+ 40. Kg5 Ng3 41. Kf4 Ne2+ 42. Ke3 Nc1 43. Bb6 Nb3 44. Bd8 a4 45. g3 Ke5 46. Bb6 Kd5 47. Kd3 Nc5+ 48. Bxc5 Kxc5 49. Kd2 Kd6 50. Ke2 Kc6 51. Ke3 Kc5 52. Kd2 Kc4 53. Kc2 1/2-1/2

[Event "Al Ain op 3rd"]
[Site "Al Ain"]
[Date "2014.12.20"]
[Round "2"]
[White "Mokal, Amruta Sunil"]
[Black "Ali, M Alkindi"]
[Result "1/2-1/2"]
[WhiteElo "2054"]
[BlackElo "1443"]
[PlyCount "83"]
[EventDate "2014.12.19"]
[EventType "swiss"]
[EventRounds "9"]
[EventCountry "UAE"]
[SourceTitle "CBM 164 Extra"]
[Source "ChessBase"]
[SourceDate "2015.03.02"]
[SourceVersion "1"]
[SourceVersionDate "2015.03.02"]
[SourceQuality "1"]

1. e4 c5 2. Nf3 Nc6 3. d4 cxd4 4. Nxd4 e5 5. Nb5 a6 6. N5c3 Bb4 7. Bc4 Nf6 8. 0-0 b5 9. Bd5 0-0 10. a4 Bxc3 11. bxc3 Bb7 12. Bg5 h6 13. Bh4 g5 14. Bg3 d6 15. h4 Nxd5 16. Qxd5 gxh4 17. Bh2 Qd7 18. Qd3 bxa4 19. Nd2 Kh7 20. Nc4 Rad8 21. Rad1 h3 22. Qxh3 Qxh3 23. gxh3 Rg8+ 24. Bg3 d5 25. Rxd5 Rxd5 26. exd5 Ne7 27. Nxe5 Nxd5 28. Nxf7 Nxc3 29. Nd6 Be4 30. Nxe4 Nxe4 31. Ra1 Nxg3 32. fxg3 Rxg3+ 33. Kf2 Rc3 34. Rxa4 Rxc2+ 35. Kf3 Rc6 36. Kg4 Kg6 37. h4 h5+ 38. Kf4 Kf6 39. Ra5 Kg6 40. Rg5+ Kh6 41. Ra5 Rb6 42. Kf3 1/2-1/2

[Event "IND-chB (Women) 41st"]
[Site "Mapusa"]
[Date "2014.09.15"]
[Round "11"]
[White "Prabhugaonkar, Aditee Aman"]
[Black "Mokal, Amruta Sunil"]
[Result "0-1"]
[WhiteElo "1574"]
[BlackElo "2070"]
[PlyCount "54"]
[EventDate "2014.09.07"]
[EventType "swiss"]
[EventRounds "11"]
[EventCountry "IND"]
[SourceTitle "CBM 162 Extra"]
[Source "ChessBase"]
[SourceDate "2014.10.17"]
[SourceVersion "1"]
[SourceVersionDate "2014.10.17"]
[SourceQuality "1"]

1. e4 c5 2. b4 cxb4 3. a3 Nf6 4. e5 Nd5 5. axb4 d6 6. Bb2 dxe5 7. Bxe5 Nc6 8. Nf3 Ndxb4 9. Na3 Bf5 10. Bc4 e6 11. 0-0 Nxe5 12. Nxe5 Bd6 13. Bb5+ Ke7 14. Nf3 Kf8 15. c3 Nd3 16. Nd4 Qh4 17. g3 Qe4 18. f3 Qd5 19. Qe2 Bc5 20. Qe3 e5 21. Rfe1 Nxe1 22. Rxe1 f6 23. Bc4 exd4 24. cxd4 Qxd4 25. Qxd4 Bxd4+ 26. Kg2 Re8 27. Rc1 Bb2 0-1

[Event "IND-chB (Women) 41st"]
[Site "Mapusa"]
[Date "2014.09.09"]
[Round "4"]
[White "Mokal, Amruta Sunil"]
[Black "Bhakti, Kulkarni"]
[Result "1-0"]
[WhiteElo "2070"]
[BlackElo "2328"]
[PlyCount "101"]
[EventDate "2014.09.07"]
[EventType "swiss"]
[EventRounds "11"]
[EventCountry "IND"]
[SourceTitle "CBM 162 Extra"]
[Source "ChessBase"]
[SourceDate "2014.10.17"]
[SourceVersion "1"]
[SourceVersionDate "2014.10.17"]
[SourceQuality "1"]

1. e4 e6 2. d4 d5 3. e5 c5 4. c3 Qb6 5. Nf3 Nc6 6. a3 c4 7. Nbd2 Na5 8. Rb1 Bd7 9. g3 Qc7 10. Bh3 f5 11. exf6 gxf6 12. 0-0 0-0-0 13. Re1 Re8 14. b3 Bd6 15. bxc4 Nxc4 16. Nxc4 Qxc4 17. Bd2 Kb8 18. Qc1 Qc7 19. Qb2 h5 20. Nh4 f5 21. Bxf5 Nf6 22. Bg6 Rc8 23. Rec1 Bc6 24. c4 dxc4 25. Rxc4 Rhg8 26. Bb4 Bxb4 27. Qxb4 Qd7 28. Qa5 Nd5 29. Qe1 Ka8 30. Qe5 Qe7 31. a4 Nb6 32. Rcb4 Nxa4 33. Be4 Nc3 34. Rxb7 Qxb7 35. Rxb7 Kxb7 36. Bxc6+ Rxc6 37. Qxh5 Rd8 38. Qg4 Rxd4 39. Qg7+ Rc7 40. Qe5 Re4 41. Qa5 Nd5 42. Qb5+ Nb6 43. Qd3 Rb4 44. Nf3 a5 45. Nd4 a4 46. Nxe6 Rc1+ 47. Kg2 Rb3 48. Qe4+ Ka7 49. Nc5 Nc4 50. Qe7+ Ka8 51. Qe8+ 1-0

[Event "Dresden ZMD op 23rd"]
[Site "Dresden"]
[Date "2014.08.23"]
[Round "9"]
[White "Gungl, Theo"]
[Black "Mokal, Amruta Sunil"]
[Result "1-0"]
[WhiteElo "2054"]
[BlackElo "2056"]
[PlyCount "69"]
[EventDate "2014.08.15"]
[EventType "swiss"]
[EventRounds "9"]
[EventCountry "GER"]
[SourceTitle "CBM 161 Extra"]
[Source "ChessBase"]
[SourceDate "2014.08.29"]
[SourceVersion "1"]
[SourceVersionDate "2014.08.29"]
[SourceQuality "1"]

1. e4 c5 2. Nf3 e6 3. d4 cxd4 4. Nxd4 a6 5. Nc3 Qc7 6. Bd3 Nf6 7. 0-0 Nc6 8. Nxc6 bxc6 9. Bg5 Be7 10. Qe2 d5 11. e5 Nd7 12. Bxe7 Kxe7 13. Rae1 c5 14. b3 Bb7 15. f4 g6 16. Nd1 Nb6 17. Nb2 d4 18. Nc4 Nd5 19. Qf2 h5 20. Qh4+ Kf8 21. Be4 Qe7 22. Qf2 Nc3 23. Bxb7 Qxb7 24. Nd6 Qc7 25. Qf3 Rd8 26. a4 h4 27. h3 Nd5 28. Rf2 Nc3 29. Kh2 Nd5 30. Rd2 Qa5 31. Qf2 Qc7 32. Kh1 Rh5 33. Re3 Kg7 34. Rf3 Rd7 35. Ne8+ 1-0